| Tag |
First Indicator |
Second Indicator |
Subfields |
| LEADER |
00000cas a2200000 a 4500 |
| 001 |
in00000016274 |
| 005 |
20151007052729.0 |
| 008 |
880414d19881993txumr p |||| 0uuua0eng d |
| 010 |
|
|
|a 88651293
|
| 022 |
|
|
|a 1042-8550
|9 0360-2087
|
| 035 |
|
|
|a (OCoLC)17791640
|
| 035 |
|
|
|9 AAA8960AM
|
| 040 |
|
|
|a TXG
|c TXG
|d DLC
|d TXA
|d UtOrBLW
|
| 042 |
|
|
|a lc
|a nsdp
|
| 049 |
|
|
|a TXAE
|
| 050 |
|
4 |
|a NK1700
|b .H83
|
| 210 |
0 |
|
|a Houst. metrop. mag.
|
| 222 |
|
0 |
|a Houston metropolitan magazine
|
| 245 |
0 |
0 |
|a Houston metropolitan magazine.
|
| 246 |
1 |
7 |
|a Houston
|
| 246 |
1 |
3 |
|a Houston metropolitan
|f Sept. 1990-Dec. 1993
|
| 264 |
|
1 |
|a [Houston, Tex.] :
|b [City Home Pub.],
|c [©1988-©1993]
|
| 300 |
|
|
|a volumes :
|b illustrations ;
|c 28 cm.
|
| 310 |
|
|
|a Monthly
|
| 336 |
|
|
|a text
|b txt
|2 rdacontent
|
| 337 |
|
|
|a unmediated
|b n
|2 rdamedia
|
| 338 |
|
|
|a volume
|b nc
|2 rdacarrier
|
| 362 |
0 |
|
|a Vol. 14, no. 7 (Apr. 1988)-v. 20, no. 3 (Dec. 1993).
|
| 500 |
|
|
|a Title from cover.
|
| 500 |
|
|
|a Imprint varies.
|
| 500 |
|
|
|a Title varies slightly.
|
| 650 |
|
0 |
|a Cooking
|v Periodicals.
|
| 650 |
|
0 |
|a Interior decoration
|v Periodicals.
|
| 650 |
|
0 |
|a Gardening
|v Periodicals.
|
| 650 |
|
0 |
|a House furnishings
|v Periodicals.
|
| 651 |
|
0 |
|a Houston Region (Tex.)
|x Periodicals.
|
| 780 |
0 |
0 |
|t Houston home & garden
|x 0360-2087
|w (DLC) 75648043
|w (OCoLC)2244074
|
| 999 |
|
|
|a MARS
|
| 999 |
f |
f |
|s e5928ebc-874f-3e54-a521-23f311e94f79
|i acc35453-f5df-3827-a4e1-bda668346c01
|t 0
|
| 952 |
f |
f |
|p serial
|a Texas A&M University
|b College Station
|c Sterling C. Evans Library
|d Evans: Library Stacks
|t 0
|e NK1700 H83
|h Library of Congress classification
|i unmediated -- volume
|k v.19:no.4 -v.19:no.7
|l 1993-1993
|m A14817182103
|
| 952 |
f |
f |
|p serial
|a Texas A&M University
|b College Station
|c Sterling C. Evans Library
|d Evans: Library Stacks
|t 0
|e NK1700 H83
|h Library of Congress classification
|i unmediated -- volume
|k v.19:no.1 -v.19:no.3
|l 1992-1992
|m A14817150596
|
| 952 |
f |
f |
|p serial
|a Texas A&M University
|b College Station
|c Sterling C. Evans Library
|d Evans: Library Stacks
|t 0
|e NK1700 H83
|h Library of Congress classification
|i unmediated -- volume
|k v.18:no.1 -v.18:no.4
|l 1991-1992
|m A14815695621
|
| 952 |
f |
f |
|p serial
|a Texas A&M University
|b College Station
|c Sterling C. Evans Library
|d Evans: Library Stacks
|t 0
|e NK1700 H83
|h Library of Congress classification
|i unmediated -- volume
|k v.18:no.9 -v.18:no.12
|l 1992-1992
|m A14817163777
|
| 952 |
f |
f |
|p serial
|a Texas A&M University
|b College Station
|c Sterling C. Evans Library
|d Evans: Library Stacks
|t 0
|e NK1700 H83
|h Library of Congress classification
|i unmediated -- volume
|k v.18:no.5 -v.18:no.8
|l 1992-1992
|m A14815295950
|
| 952 |
f |
f |
|p serial
|a Texas A&M University
|b College Station
|c Sterling C. Evans Library
|d Evans: Library Stacks
|t 0
|e NK1700 H83
|h Library of Congress classification
|i unmediated -- volume
|k v.17:no.9 -v.17:no.12
|l 1991-1991
|m A14815315580
|
| 952 |
f |
f |
|p serial
|a Texas A&M University
|b College Station
|c Sterling C. Evans Library
|d Evans: Library Stacks
|t 0
|e NK1700 H83
|h Library of Congress classification
|i unmediated -- volume
|k v.20:no.1 -v.20:no.2
|l 1993-1993
|m A14821100016
|
| 952 |
f |
f |
|p serial
|a Texas A&M University
|b College Station
|c Sterling C. Evans Library
|d Evans: Library Stacks
|t 0
|e NK1700 H83
|h Library of Congress classification
|i unmediated -- volume
|k v.15:no.1 -v.15:no.4
|l 1988-1989
|m A14811952225
|
| 952 |
f |
f |
|p serial
|a Texas A&M University
|b College Station
|c Sterling C. Evans Library
|d Evans: Library Stacks
|t 0
|e NK1700 H83
|h Library of Congress classification
|i unmediated -- volume
|k v.17:no.1 -v.17:no.4
|l 1990-1991
|m A14815157712
|
| 952 |
f |
f |
|p serial
|a Texas A&M University
|b College Station
|c Sterling C. Evans Library
|d Evans: Library Stacks
|t 0
|e NK1700 H83
|h Library of Congress classification
|i unmediated -- volume
|k v.15:no.9 -v.15:no.12
|l 1989-1989
|m A14811952322
|
| 952 |
f |
f |
|p serial
|a Texas A&M University
|b College Station
|c Sterling C. Evans Library
|d Evans: Library Stacks
|t 0
|e NK1700 H83
|h Library of Congress classification
|i unmediated -- volume
|k v.16:no.1 -v.16:no.4
|l 1989-1990
|m A14815156821
|
| 952 |
f |
f |
|p serial
|a Texas A&M University
|b College Station
|c Sterling C. Evans Library
|d Evans: Library Stacks
|t 0
|e NK1700 H83
|h Library of Congress classification
|i unmediated -- volume
|k v.19:no.8 -v.19:no.12
|l 1993-1993
|m A14817233548
|
| 952 |
f |
f |
|p serial
|a Texas A&M University
|b College Station
|c Sterling C. Evans Library
|d Evans: Library Stacks
|t 0
|e NK1700 H83
|h Library of Congress classification
|i unmediated -- volume
|k v.17:no.5 -v.17:no.8
|l 1991-1991
|m A14815161834
|
| 952 |
f |
f |
|p serial
|a Texas A&M University
|b College Station
|c Sterling C. Evans Library
|d Evans: Library Stacks
|t 0
|e NK1700 H83
|h Library of Congress classification
|i unmediated -- volume
|k v.15:no.5 -v.15:no.8
|l 1989-1989
|m A14811952275
|
| 952 |
f |
f |
|p serial
|a Texas A&M University
|b College Station
|c Sterling C. Evans Library
|d Evans: Library Stacks
|t 0
|e NK1700 H83
|h Library of Congress classification
|i unmediated -- volume
|k v.16:no.9 -v.16:no.12
|l 1990-1990
|m A14815159811
|
| 952 |
f |
f |
|p serial
|a Texas A&M University
|b College Station
|c Sterling C. Evans Library
|d Evans: Library Stacks
|t 0
|e NK1700 H83
|h Library of Congress classification
|i unmediated -- volume
|k v.14:no.7 -v.14:no.12
|l 1988-1988
|m A14811806856
|
| 952 |
f |
f |
|p serial
|a Texas A&M University
|b College Station
|c Sterling C. Evans Library
|d Evans: Library Stacks
|t 0
|e NK1700 H83
|h Library of Congress classification
|i unmediated -- volume
|k v.16:no.5 -v.16:no.8
|l 1990-1990
|m A14815159764
|
| 998 |
f |
f |
|a NK1700 H83
|s v.20:no.1-2 (1993:Oct.-Nov.)
|t 0
|l Evans: Library Stacks
|